000 00419nam a22001697a 4500
005 20160630145607.0
008 160630b xxu||||| |||| 00| 0 eng d
020 _a81-219-2072-8
041 _aeng
082 _b19894
100 _aChndola S P
_93317
245 _aTransportation Engineering
260 _a New Delhi
_bSultan Chand & Sons,
_c2014
300 _a521
650 _aDiploma Engineering
_9817
942 _cBK
999 _c4950
_d4948